000
00245nam a22000977a 4500
041
_a
ENG
245
_a
Specification For Plain Spool For Tractor Operated Disc Harrows
260
_a
New Delhi
_b
BIS
_c
1974
650
_a
BIS Code
856
_u
BIS Code
999
_c
2111
_d
2111